Information Systems For Urban Planning (P/B) (Record no. 14038)

000 -LEADER
fixed length control field 00268nam a2200109Ia 4500
008 - FIXED-LENGTH DATA ELEMENTS--GENERAL INFORMATION
fixed length control field 260210s9999 xx 000 0 und d
020 ## - INTERNATIONAL STANDARD BOOK NUMBER
International Standard Book Number 9780748409648
100 ## - MAIN ENTRY--PERSONAL NAME
Personal name Laurini
245 #0 - TITLE STATEMENT
Title Information Systems For Urban Planning (P/B)
260 ## - PUBLICATION, DISTRIBUTION, ETC.
Name of publisher, distributor, etc. Routledge
942 ## - ADDED ENTRY ELEMENTS (KOHA)
Koha item type PG Books
Holdings
Withdrawn status Lost status Damaged status Not for loan Permanent Location Current Location Shelving location Date acquired Barcode Date last seen Price effective from Koha item type
        BMS College of Architecture, Design and Planning BMS College of Architecture, Design and Planning General Stacks 2025-11-30 AR-PG814 2026-02-10 2026-02-10 PG Books
Copyright © 2025, The Librarian, Library and Information Centre, BMSCA D&P, Bengaluru. All Rights Reserved
web counter

Powered by Koha